Systém pre dolovanie v názoroch

Gespeichert in:
Bibliographische Detailangaben
1. Verfasser: Slížik, Lukáš, 1985- (Verfasst von)
Weitere Verfasser: Bou Ezzeddine, Anna, 1960- (Betreuung Doktorarbeit)
Format: Manuskript Buch
Sprache:Slowakisch
Veröffentlicht: STU v Bratislave FIIT, 2009
Schlagworte:
Tags: Tag hinzufügen
Keine Tags, Fügen Sie das erste Tag hinzu!

MARC

LEADER 00000ntm a22000003a 4500
001 stu190832
005 20150617230047.7
008 090928s2009----xo------------------slo-d
040 |a STU  |b slo 
041 0 |a slo 
044 |a xo 
100 1 |a Slížik, Lukáš,  |d 1985-  |4 aut  |u I200  |U FIIT Fakulta informatiky a informačných technológií  |T FIIT Ústav informatiky a softvérového inžinierstva  |X 20942  |U I200  |Y 179  |7 A000020942 
245 1 |a Systém pre dolovanie v názoroch 
260 |b STU v Bratislave FIIT,  |c 2009 
300 |a 60 s 
650 7 |a informačné systémy  |2 stusub 
700 1 |a Bou Ezzeddine, Anna,  |d 1960-  |4 ths  |u I200  |U FIIT Fakulta informatiky a informačných technológií  |T FIIT Ústav informatiky a softvérového inžinierstva  |X 2127  |U I200  |Y 179  |7 2127 
996 |c I*DP95/09  |l II680  |s P  |a 0  |w stu190832_0001